| 000 | 01603nam a2200385 a 4500 | ||
|---|---|---|---|
| 001 | ebr10270992 | ||
| 003 | CaPaEBR | ||
| 006 | m u | ||
| 007 | cr cn||||||||| | ||
| 008 | 061215s2007 ne sb 001 0 eng | ||
| 010 | _z 2006050017 | ||
| 015 |
_aGBA690865 _2bnb |
||
| 016 | 7 |
_z013584926 _2Uk |
|
| 020 | _z9789004156081 (alk. paper) | ||
| 020 | _z9004156089 (alk. paper) | ||
| 040 |
_aCaPaEBR _cCaPaEBR |
||
| 035 | _a(OCoLC)646789803 | ||
| 043 | _ae-ne--- | ||
| 050 | 1 | 4 |
_aBT785 _b.S77 2007eb |
| 082 | 0 | 4 |
_a234.092 _222 |
| 100 | 1 | _aStanglin, Keith D. | |
| 245 | 1 | 0 |
_aArminius on the assurance of salvation _h[electronic resource] : _bthe context, roots, and shape of the Leiden debate, 1603-1609 / _cby Keith D. Stanglin. |
| 260 |
_aLeiden ; _aBoston : _bBrill, _c2007. |
||
| 300 | _axviii, 285 p. | ||
| 490 | 1 |
_aBrill's series in church history, _x1572-4107 ; _vv. 27 |
|
| 504 | _aIncludes bibliographical references (p. [267]-280) and indexes. | ||
| 533 |
_aElectronic reproduction. _bPalo Alto, Calif. : _cebrary, _d2013. _nAvailable via World Wide Web. _nAccess may be limited to ebrary affiliated libraries. |
||
| 600 | 1 | 0 |
_aArminius, Jacobus, _d1560-1609. |
| 650 | 0 |
_aAssurance (Theology) _xHistory of doctrines _y17th century. |
|
| 650 | 0 |
_aReligious disputations _zNetherlands _zLeiden _xHistory _y17th century. |
|
| 655 | 7 |
_aElectronic books. _2local |
|
| 710 | 2 | _aebrary, Inc. | |
| 830 | 0 |
_aBrill's series in church history ; _vd. 27. |
|
| 856 | 4 | 0 |
_uhttp://site.ebrary.com/lib/rucke/Doc?id=10270992 _zAn electronic book accessible through the World Wide Web; click to view |
| 999 |
_c7154 _d7154 |
||